Computational Heat Transfer (Record no. 25971)

MARC details
000 -LEADER
fixed length control field 00452nam a22001937a 4500
005 - DATE AND TIME OF LATEST TRANSACTION
control field 20230714095714.0
008 - FIXED-LENGTH DATA ELEMENTS--GENERAL INFORMATION
fixed length control field 230714b |||||||| |||| 00| 0 eng d
020 ## - INTERNATIONAL STANDARD BOOK NUMBER
ISBN 9781560324775
082 ## - DEWEY DECIMAL CLASSIFICATION NUMBER
Classification number 621.402
Item number JAL-C
100 ## - MAIN ENTRY--AUTHOR
Author Name Jaluria, Yogesh
245 ## - TITLE STATEMENT
Title Computational Heat Transfer
250 ## - EDITION STATEMENT
Edition statement 2nd.ed.
260 ## - PUBLICATION, DISTRIBUTION, ETC.
Name of publisher, distributor, etc. CRC Press
300 ## - PHYSICAL DESCRIPTION
Pages 544
500 ## - GENERAL NOTE
General note include Index
650 ## - SUBJECT ADDED ENTRY--TOPICAL TERM
Subject / Department Engineering
700 ## - ADDED ENTRY--PERSONAL NAME
Personal name Yogesh Jaluria
952 ## - LOCATION AND ITEM INFORMATION (KOHA)
-- 0
-- 0
Holdings
Lost status Damaged status Permanent Location Current Location Shelving Location Date acquired Full Call Number Accession No./Barcode Date last seen item type
    Superior Information Resource Center (SIRC) Superior University- Central Library Superior Information Resource Center (SIRC) Superior University- Central Library Engineering 07/14/2023 621.402 JAL-C 20046 07/14/2023 BOOK

Powered by Koha